Genaro Vázquez y Lucio Cabañas : tensiones de la memoria y movilización social /

Bewaard in:
Bibliografische gegevens
Andere auteurs: Mendoza García, Jorge (coordinador.), López Menéndez, Marisol (coordinador.), Carpio Pérez, Amílcar (coordinador.)
Formaat: E-boek
Taal:Spaans
Gepubliceerd in: Ciudad de México : Bonilla Artigas Editores, 2025.
Onderwerpen:
Online toegang:https://elibro.unach.elogim.com/es/lc/unach/titulos/287595
Tags: Voeg label toe
Geen labels, Wees de eerste die dit record labelt!

MARC

LEADER 00000nam a2200000 i 4500
001 ELB287595
003 FINmELB
005 20251022100802.0
006 m o u
007 cr cn|||||||||
008 251022s2025 mx o 000 0 spa d
020 |a 9786072629585  |q (e-book) 
035 |a (OCoLC)1546814406 
040 |a FINmELB  |b spa  |e rda  |c FINmELB 
050 1 4 |a F1234  |b G324 2025 
080 |a 94(792) 
082 0 4 |a 972.082  |2 23 
245 0 0 |a Genaro Vázquez y Lucio Cabañas :  |b tensiones de la memoria y movilización social /  |c Marisol López Menéndez, Amílcar Carpio Pérez, Jorge Mendoza García (coordinadores). 
264 1 |a Ciudad de México :  |b Bonilla Artigas Editores,  |c 2025. 
300 |a 1 recurso en línea (250 páginas) 
336 |a texto  |b txt  |2 rdamedia/spa 
337 |a computadora  |b c  |2 rdamedia/spa 
338 |a recurso en línea  |b cr  |2 rdacarrier/spa 
588 |a Descripción basada en metadatos suministrados por el editor y otras fuentes. 
590 |a Recurso electrónico. Santa Fe, Arg.: elibro, 2025. Disponible vía World Wide Web. El acceso puede estar limitado para las bibliotecas afiliadas a elibro. 
600 1 0 |a Vázquez Rojas, Genaro. 
600 1 0 |a Cabañas, Lucio,  |d 1938-1974. 
650 4 |a Guerrillas  |z México  |x Historia  |y Siglo 20. 
655 4 |a Libros electrónicos. 
700 1 |a Mendoza García, Jorge,  |e coordinador. 
700 1 |a López Menéndez, Marisol,  |e coordinador. 
700 1 |a Carpio Pérez, Amílcar,  |e coordinador. 
797 2 |a elibro, Corp. 
856 4 0 |u https://elibro.unach.elogim.com/es/lc/unach/titulos/287595